Bayesian analysis in plant pathology (Record no. 54674)

MARC details
000 -LEADER
fixed length control field 00335nam a2200133Ia 4500
100 ## - MAIN ENTRY--AUTHOR NAME
Personal name Mila A L
245 #0 - TITLE STATEMENT
Title Bayesian analysis in plant pathology
260 ## - PUBLICATION, DISTRIBUTION, ETC. (IMPRINT)
Name of publisher Phytopathology
Year of publication 2004
300 ## - PHYSICAL DESCRIPTION
Number of Pages 1027-1030
650 ## - SUBJECT ADDED ENTRY--TOPICAL TERM
Topical Term Bayesian methdology
700 ## - ADDED ENTRY--PERSONAL NAME
Personal name Carriquiry A L
942 ## - ADDED ENTRY ELEMENTS (KOHA)
Koha item type Journals
Holdings
Withdrawn status Lost status Damaged status Not for loan Home library Current library Shelving location Date acquired Serial Enumeration / chronology Koha item type
      Journals RRII Library RRII Library Mycology 17/12/2021 Volume 94, Issue 9 Journals